[Event "Pardubice Czech op-B 28th"]
[Site "Pardubice"]
[Date "2017.07.26"]
[Round "6"]
[White "Wallgren, Ulf"]
[Black "Sprenar, Petr"]
[Result "1/2-1/2"]
[WhiteElo "2101"]
[BlackElo "2042"]
[PlyCount "142"]
[EventDate "2017.07.21"]
[EventType "swiss"]
[EventRounds "9"]
[EventCountry "CZE"]
[SourceTitle "CBM 179 Extra"]
[Source "ChessBase"]
[SourceDate "2017.08.23"]
[SourceVersion "1"]
[SourceVersionDate "2017.08.23"]
[SourceQuality "1"]

1. e4 c5 2. Nf3 d6 3. c3 Nf6 4. Be2 Nc6 5. d4 cxd4 6. cxd4 Nxe4 7. d5 Qa5+ 8. Nc3 Nxc3 9. bxc3 Nb8 10. 0-0 g6 11. Rb1 Bg7 12. Bb5+ Bd7 13. Qe2 Bxb5 14. Rxb5 Qc7 15. Bg5 h6 16. Bh4 g5 17. Bg3 Nd7 18. Re1 Bf6 19. Nd4 Kf8 20. Nf5 Ne5 21. f4 Ng6 22. fxg5 hxg5 23. Rf1 Nf4 24. Bxf4 gxf4 25. Rxf4 Be5 26. Re4 Bxh2+ 27. Kf2 Be5 28. c4 a6 29. Rb3 Qc5+ 30. Qe3 Rh5 31. Ng3 Qxe3+ 32. Rexe3 Rg5 33. Ne2 Rc8 34. Re4 Rc7 35. Nd4 Bxd4+ 36. Rxd4 Rf5+ 37. Ke2 Re5+ 38. Kd2 Rg5 39. g4 Ke8 40. Rf4 Rg7 41. Kd3 Rh7 42. Kd4 e5+ 43. dxe6 fxe6 44. Re3 e5+ 45. Kd3 Ke7 46. Rf2 Ke6 47. a4 Rh4 48. Rg3 Rch7 49. Rb2 Rh3 50. Rxh3 Rxh3+ 51. Ke4 Rg3 52. Rxb7 Rxg4+ 53. Kd3 Rg3+ 54. Ke2 Rc3 55. Ra7 Rxc4 56. Rxa6 Rc3 57. Ra8 Kd5 58. a5 Ra3 59. a6 Kd4 60. a7 d5 61. Kd2 Ra2+ 62. Kc1 e4 63. Kb1 Ra4 64. Kc2 e3 65. Kb3 Ra6 66. Kb2 Kd3 67. Rd8 d4 68. a8Q Rxa8 69. Rxa8 Kd2 70. Re8 Ke2 71. Rh8 d3 1/2-1/2

[Event "Pardubice Czech op-B 28th"]
[Site "Pardubice"]
[Date "2017.07.25"]
[Round "5"]
[White "Paldus, Petr"]
[Black "Wallgren, Ulf"]
[Result "1/2-1/2"]
[WhiteElo "1995"]
[BlackElo "2101"]
[PlyCount "52"]
[EventDate "2017.07.21"]
[EventType "swiss"]
[EventRounds "9"]
[EventCountry "CZE"]
[SourceTitle "CBM 179 Extra"]
[Source "ChessBase"]
[SourceDate "2017.08.23"]
[SourceVersion "1"]
[SourceVersionDate "2017.08.23"]
[SourceQuality "1"]

1. e4 e5 2. Nf3 d6 3. Bc4 Be7 4. Nc3 Nf6 5. d3 0-0 6. h3 Be6 7. Bb3 Qd7 8. Be3 Nc6 9. Nd5 Nd8 10. c4 Ne8 11. g4 c6 12. Nxe7+ Qxe7 13. Bg5 f6 14. Be3 Nc7 15. Nh4 g6 16. Bh6 Rf7 17. Nf5 Qd7 18. Ne3 d5 19. f4 exf4 20. Bxf4 d4 21. Ng2 c5 22. Qf3 Nc6 23. Ba4 a6 24. Bxc6 Qxc6 25. Bxc7 Qxc7 26. Nf4 Re8 1/2-1/2

[Event "Pardubice Czech op-B 28th"]
[Site "Pardubice"]
[Date "2017.07.24"]
[Round "4"]
[White "Wallgren, Ulf"]
[Black "Erofeev, Anastasia"]
[Result "1-0"]
[WhiteElo "2101"]
[BlackElo "1968"]
[PlyCount "55"]
[EventDate "2017.07.21"]
[EventType "swiss"]
[EventRounds "9"]
[EventCountry "CZE"]
[SourceTitle "CBM 179 Extra"]
[Source "ChessBase"]
[SourceDate "2017.08.23"]
[SourceVersion "1"]
[SourceVersionDate "2017.08.23"]
[SourceQuality "1"]

1. e4 e5 2. f4 exf4 3. Nf3 g5 4. Nc3 g4 5. Ne5 Qh4+ 6. g3 fxg3 7. Qxg4 Qxg4 8. Nxg4 gxh2 9. Nd5 d6 10. Nxh2 Kd8 11. d4 h6 12. Nf3 Bg7 13. Rg1 Bf6 14. Bxh6 Nxh6 15. Nxf6 c6 16. 0-0-0 Ke7 17. e5 d5 18. c4 Be6 19. Ng5 Nf5 20. cxd5 cxd5 21. Bh3 Nxd4 22. Rxd4 Bxh3 23. Nxd5+ Kf8 24. Nxh3 Rxh3 25. Rdg4 Rh8 26. Nc7 Na6 27. Nxa8 Ke7 28. Rg8 1-0

[Event "Berlin Kreuzberg op"]
[Site "Berlin"]
[Date "2016.07.18"]
[Round "3"]
[White "Niehaus, Frank"]
[Black "Wallgren, Ulf"]
[Result "1-0"]
[WhiteElo "2214"]
[BlackElo "2095"]
[PlyCount "45"]
[EventDate "2016.07.16"]
[EventType "swiss"]
[EventRounds "9"]
[EventCountry "GER"]
[SourceTitle "CBM 173 Extra"]
[Source "ChessBase"]
[SourceDate "2016.08.29"]
[SourceVersion "1"]
[SourceVersionDate "2016.08.29"]
[SourceQuality "1"]

1. d4 Nf6 2. Bg5 g6 3. Bxf6 exf6 4. e3 Bg7 5. c4 0-0 6. Nc3 d6 7. g3 f5 8. Nge2 Nd7 9. Bg2 Nf6 10. 0-0 h5 11. h4 Ng4 12. Qd3 Re8 13. Nf4 Bh6 14. b4 g5 15. hxg5 Qxg5 16. Ncd5 h4 17. Nxc7 hxg3 18. Nxe8 gxf2+ 19. Rxf2 Nxf2 20. Kxf2 Qh4+ 21. Kg1 Bxf4 22. exf4 Qe7 23. Qg3+ 1-0

[Event "SWE-chT 1516 Superettan"]
[Site "Sweden"]
[Date "2016.01.16"]
[Round "4"]
[White "Johansson, Carl Fredrik"]
[Black "Wallgren, Ulf"]
[Result "1-0"]
[WhiteElo "2154"]
[BlackElo "2147"]
[PlyCount "71"]
[EventDate "2015.11.06"]
[EventType "team-tourn"]
[EventRounds "9"]
[EventCountry "SWE"]
[SourceTitle "EXT 2018"]
[Source "ChessBase"]
[SourceDate "2017.10.13"]
[SourceVersion "1"]
[SourceVersionDate "2017.10.13"]
[SourceQuality "1"]
[WhiteTeam "Upsala"]
[BlackTeam "Solna"]
[WhiteTeamCountry "SWE"]
[BlackTeamCountry "SWE"]

1. d4 f5 2. Nf3 Nf6 3. g3 g6 4. c3 Bg7 5. Qb3 e6 6. Bg2 0-0 7. h4 Qe7 8. Bg5 h6 9. Ne5 hxg5 10. Nxg6 Qd6 11. Nxf8 Bxf8 12. hxg5 Ne4 13. Bxe4 fxe4 14. Nd2 Qd5 15. Qc2 Qxg5 16. Nxe4 Qg7 17. Nf6+ Kf7 18. Rh7 Kxf6 19. Rxg7 Bxg7 20. 0-0-0 Nc6 21. e4 d6 22. f4 Bd7 23. g4 Rf8 24. Rf1 Ke7 25. g5 Kd8 26. f5 exf5 27. exf5 Bxd4 28. cxd4 Nxd4 29. Qe4 Nxf5 30. g6 Re8 31. Qg4 Rf8 32. g7 Rg8 33. Rxf5 Bxf5 34. Qxf5 Rxg7 35. Qf8+ Kd7 36. Qxg7+ 1-0

[Event "Leiden op-A 9th"]
[Site "Leiden"]
[Date "2015.07.19"]
[Round "3"]
[White "Dellert, Lena"]
[Black "Wallgren, Ulf"]
[Result "1-0"]
[WhiteElo "1835"]
[BlackElo "2141"]
[PlyCount "95"]
[EventDate "2015.07.17"]
[EventType "swiss"]
[EventRounds "9"]
[EventCountry "NED"]
[SourceTitle "CBM 167 Extra"]
[Source "ChessBase"]
[SourceDate "2015.09.14"]
[SourceVersion "1"]
[SourceVersionDate "2015.09.14"]
[SourceQuality "1"]

1. e4 e6 2. d4 d5 3. Nd2 Nf6 4. e5 Nfd7 5. Bd3 c5 6. c3 Nc6 7. Ne2 cxd4 8. cxd4 Qb6 9. Nf3 f6 10. exf6 Nxf6 11. 0-0 Bd6 12. Bf4 Bxf4 13. Nxf4 0-0 14. Qd2 Ne4 15. Qe3 Nxd4 16. Nxd4 Rxf4 17. Qxf4 Qxd4 18. Bxe4 dxe4 19. Rad1 Qb6 20. Rfe1 e5 21. Qxe5 Bg4 22. Qd5+ Be6 23. Qxe4 Bxa2 24. b4 Rf8 25. Qd4 Qb5 26. Re7 Bf7 27. Qxa7 Qxb4 28. Qxb7 Qc3 29. Qc7 Qb2 30. Qg3 Qc2 31. Rde1 Qb2 32. h3 Qd2 33. Qe3 Qb2 34. Rc1 Qf6 35. Rcc7 Qa1+ 36. Kh2 Qf6 37. f3 Qd6+ 38. Qe5 Qb4 39. Rb7 Qa3 40. Qc7 Qa2 41. Rb8 g6 42. Rxf8+ Kxf8 43. Qd8+ Kg7 44. Qd4+ Kf8 45. Ra7 Qd5 46. Qh8+ Bg8 47. Qg7+ Ke8 48. Qe7# 1-0

[Event "Berlin Spring op-A"]
[Site "Berlin"]
[Date "2014.05.04"]
[Round "7"]
[White "Lichey, Dustin"]
[Black "Wallgren, Ulf"]
[Result "1/2-1/2"]
[WhiteElo "1976"]
[BlackElo "2084"]
[PlyCount "52"]
[EventDate "2014.05.01"]
[EventType "swiss"]
[EventRounds "7"]
[EventCountry "GER"]
[SourceTitle "CBM 160 Extra"]
[Source "ChessBase"]
[SourceDate "2014.07.01"]
[SourceVersion "1"]
[SourceVersionDate "2014.07.01"]
[SourceQuality "1"]

1. e4 c5 2. Nf3 Nc6 3. d4 cxd4 4. Nxd4 e5 5. Nb5 a6 6. N5c3 h6 7. Be3 Nf6 8. g3 d6 9. Bg2 Be6 10. 0-0 Be7 11. Nd5 Bxd5 12. exd5 Nb8 13. c4 Nbd7 14. Nd2 0-0 15. b4 a5 16. a3 axb4 17. axb4 Rxa1 18. Qxa1 Ng4 19. Ba7 Qc7 20. f3 Ra8 21. fxg4 b6 22. Qb1 Qxa7 23. Qf5 Nf6 24. h4 Qd7 25. Qxd7 Nxd7 26. Ne4 Ra4 1/2-1/2

[Event "Berlin Spring op-A"]
[Site "Berlin"]
[Date "2014.05.03"]
[Round "6"]
[White "Wallgren, Ulf"]
[Black "Rietze, Clemens"]
[Result "0-1"]
[WhiteElo "2084"]
[BlackElo "2284"]
[PlyCount "102"]
[EventDate "2014.05.01"]
[EventType "swiss"]
[EventRounds "7"]
[EventCountry "GER"]
[SourceTitle "CBM 160 Extra"]
[Source "ChessBase"]
[SourceDate "2014.07.01"]
[SourceVersion "1"]
[SourceVersionDate "2014.07.01"]
[SourceQuality "1"]

1. e4 e5 2. Nf3 Nc6 3. Bc4 Nf6 4. Ng5 d5 5. exd5 Na5 6. d3 h6 7. Nf3 e4 8. dxe4 Nxc4 9. Qd4 Nb6 10. c4 Bb4+ 11. Nbd2 Qe7 12. 0-0 Bc5 13. Qc3 0-0 14. e5 Nfxd5 15. cxd5 Nxd5 16. Qc2 Rd8 17. Ne4 Bb6 18. Nc3 Bg4 19. Nxd5 Rxd5 20. Bf4 Bxf3 21. gxf3 Qb4 22. Qe4 Qxe4 23. fxe4 Rd4 24. Rfe1 g5 25. Be3 Rxe4 26. Bxb6 Rxe1+ 27. Rxe1 axb6 28. e6 fxe6 29. Rxe6 Rxa2 30. b4 Rb2 31. Rxh6 Kg7 32. Re6 c6 33. Re7+ Kf6 34. Rxb7 Rxb4 35. Kf1 c5 36. Ke2 c4 37. Kd2 b5 38. Rb8 Kf5 39. f3 Rb2+ 40. Kc3 Rb3+ 41. Kc2 Rxf3 42. Rxb5+ Kg4 43. Rc5 Rf2+ 44. Kd1 Rf4 45. Ke2 Kh4 46. h3 Rf8 47. Ke3 c3 48. Ke2 c2 49. Kd2 Rf3 50. Ke2 Rxh3 51. Kf2 Rh2+ 0-1

[Event "Berlin Spring op-A"]
[Site "Berlin"]
[Date "2014.05.01"]
[Round "2"]
[White "Melamed, Tatiana"]
[Black "Wallgren, Ulf"]
[Result "1-0"]
[WhiteElo "2388"]
[BlackElo "2084"]
[PlyCount "61"]
[EventDate "2014.05.01"]
[EventType "swiss"]
[EventRounds "7"]
[EventCountry "GER"]
[SourceTitle "CBM 160 Extra"]
[Source "ChessBase"]
[SourceDate "2014.07.01"]
[SourceVersion "1"]
[SourceVersionDate "2014.07.01"]
[SourceQuality "1"]

1. e4 c5 2. Nf3 Nc6 3. Bb5 Qb6 4. Bxc6 Qxc6 5. Nc3 e6 6. d4 cxd4 7. Nxd4 Qc7 8. Ndb5 Qb8 9. Be3 a6 10. Bb6 axb5 11. Nxb5 Ra6 12. Nc7+ Ke7 13. Bc5+ d6 14. Nxa6 bxa6 15. Ba3 f6 16. Qd3 Nh6 17. 0-0-0 Nf7 18. f4 g6 19. e5 fxe5 20. fxe5 Bh6+ 21. Kb1 Bf4 22. exd6+ Bxd6 23. Rhf1 Bxa3 24. Qxa3+ Ke8 25. Qf3 Qb7 26. Qf6 Rg8 27. Rf3 Qe7 28. Qc3 Bb7 29. Rfd3 e5 30. Qb3 Bc8 31. Rd8+ 1-0

[Event "Berlin Spring op-A"]
[Site "Berlin"]
[Date "2014.05.01"]
[Round "1"]
[White "Wallgren, Ulf"]
[Black "Waechter, Nathalie"]
[Result "1-0"]
[WhiteElo "2084"]
[BlackElo "1749"]
[PlyCount "55"]
[EventDate "2014.05.01"]
[EventType "swiss"]
[EventRounds "7"]
[EventCountry "GER"]
[SourceTitle "CBM 160 Extra"]
[Source "ChessBase"]
[SourceDate "2014.07.01"]
[SourceVersion "1"]
[SourceVersionDate "2014.07.01"]
[SourceQuality "1"]

1. e4 e5 2. f4 exf4 3. Nf3 g5 4. h4 g4 5. Ne5 d6 6. Nxg4 h5 7. Nf2 Be7 8. d4 Bxh4 9. Nc3 Bg4 10. Qd3 c6 11. Bxf4 Bxf2+ 12. Kxf2 Qf6 13. Qe3 Nd7 14. Kg1 Ne7 15. Bc4 Ng6 16. Rf1 Rh7 17. Bg5 Qh8 18. e5 dxe5 19. Ne4 Qf8 20. dxe5 Ngxe5 21. Nf6+ Nxf6 22. Qxe5+ Kd7 23. Bxf6 Re8 24. Qd4+ Kc8 25. Qxa7 Rh6 26. Be5 Rd8 27. Qb8+ Kd7 28. Qc7+ 1-0

[Event "SWE-chT2 1314"]
[Site "Sweden"]
[Date "2013.11.22"]
[Round "1"]
[White "Wallgren, Ulf"]
[Black "Lundstrom, Mattias"]
[Result "1-0"]
[WhiteElo "2074"]
[BlackElo "2153"]
[PlyCount "69"]
[EventDate "2013.11.22"]
[EventType "team-tourn"]
[EventRounds "9"]
[EventCountry "SWE"]
[SourceTitle "EXT 2015"]
[Source "ChessBase"]
[SourceDate "2014.11.20"]
[SourceVersion "1"]
[SourceVersionDate "2014.11.20"]
[SourceQuality "1"]
[WhiteTeam "Solna"]
[BlackTeam "Manhem II"]
[WhiteTeamCountry "SWE"]
[BlackTeamCountry "SWE"]

1. e4 c5 2. Nf3 d6 3. d4 cxd4 4. Nxd4 Nf6 5. Nc3 a6 6. h3 e5 7. Nf3 b5 8. Bg5 Bb7 9. a4 b4 10. Nd5 Nbd7 11. Bc4 Qa5 12. Bxf6 Nxf6 13. Nxf6+ gxf6 14. Qd3 f5 15. Ng5 fxe4 16. Nxe4 Bxe4 17. Qxe4 Ra7 18. Qc6+ Ke7 19. Qf3 f6 20. Rd1 Qc5 21. b3 e4 22. Qxe4+ Qe5 23. Qxe5+ dxe5 24. Ke2 a5 25. Rd5 Bg7 26. Rhd1 Rc8 27. Rd6 f5 28. Re6+ Kf8 29. Rdd6 Re7 30. h4 Rxe6 31. Rxe6 Rc5 32. h5 h6 33. Ra6 e4 34. Ra8+ Ke7 35. Ra7+ 1-0

[Event "Heart of Finland op 23rd"]
[Site "Jyvaskyla"]
[Date "2013.07.11"]
[Round "5"]
[White "Wallgren, Ulf"]
[Black "Pursiainen, Erkki"]
[Result "1-0"]
[WhiteElo "2085"]
[BlackElo "1918"]
[PlyCount "77"]
[EventDate "2013.07.08"]
[EventType "swiss"]
[EventRounds "9"]
[EventCountry "FIN"]
[SourceTitle "EXT 2022"]
[Source "ChessBase"]
[SourceDate "2021.10.06"]
[SourceVersion "1"]
[SourceVersionDate "2021.10.06"]
[SourceQuality "1"]

1. d4 Nf6 2. c4 c5 3. e3 g6 4. Nf3 Bg7 5. Be2 0-0 6. 0-0 e6 7. Nc3 a6 8. Rb1 cxd4 9. exd4 d5 10. b3 Nc6 11. cxd5 exd5 12. Ne5 Ne7 13. Bf3 Bf5 14. Rb2 Rc8 15. Ne2 Be4 16. Ng3 h6 17. Re1 Bf5 18. Rbe2 Be6 19. Ba3 Ne4 20. Nxe4 Bxe5 21. dxe5 dxe4 22. Bxe4 Rc7 23. Rd2 Qc8 24. Bd6 Rd7 25. Rc2 Qd8 26. Qc1 Re8 27. Qxh6 Nf5 28. Bxf5 Bxf5 29. Rcc1 Qa5 30. Red1 Qxa2 31. Rd4 f6 32. Rh4 Kf7 33. exf6 Kxf6 34. Bf4 Re2 35. Qf8+ Ke6 36. Qg8+ Kf6 37. g4 Be4 38. g5+ Ke7 39. Rh7# 1-0

[Event "SWE-chT2 1213"]
[Site "Sweden"]
[Date "2013.03.17"]
[Round "9"]
[White "Blomstrom, Lars"]
[Black "Wallgren, Ulf"]
[Result "1-0"]
[WhiteElo "2142"]
[BlackElo "2108"]
[PlyCount "101"]
[EventDate "2012.10.20"]
[EventType "team-tourn"]
[EventRounds "9"]
[EventCountry "SWE"]
[SourceTitle "EXT 2015"]
[Source "ChessBase"]
[SourceDate "2014.11.20"]
[SourceVersion "1"]
[SourceVersionDate "2014.11.20"]
[SourceQuality "1"]
[WhiteTeam "Orebro"]
[BlackTeam "Solna"]
[WhiteTeamCountry "SWE"]
[BlackTeamCountry "SWE"]

1. e4 e5 2. Nf3 Nc6 3. Bb5 a6 4. Ba4 Nf6 5. 0-0 Nxe4 6. d4 b5 7. Bb3 d5 8. dxe5 Be6 9. Qe2 Be7 10. Rd1 Na5 11. Nbd2 Nxd2 12. Bxd2 Nxb3 13. axb3 0-0 14. h3 Qd7 15. b4 Rfc8 16. c3 c5 17. bxc5 Bxc5 18. Be3 Qb7 19. Bxc5 Rxc5 20. Nd4 Rc4 21. f4 Re8 22. Qf2 Bc8 23. Nc2 Qc6 24. Nb4 Qh6 25. Rd4 Bb7 26. Nc2 f6 27. Re1 fxe5 28. fxe5 Rf8 29. Qg3 Rc6 30. Ne3 Rg6 31. Rg4 Re6 32. Nc2 g6 33. Nd4 Ree8 34. e6 Qd2 35. Re5 Qc1+ 36. Kh2 Rf1 37. Qe3 Qxe3 38. Rxe3 Rf6 39. Rg5 Re7 40. Rge5 Rf2 41. b4 Kg7 42. Kg3 Rb2 43. h4 Rb1 44. Re2 Rf1 45. Nb3 Kf6 46. Nc5 Bc8 47. Rxd5 Rf5 48. Rd6 h6 49. Rc6 Re8 50. Ne4+ Ke7 51. Nd6 1-0

[Event "Gibraltar Challengers-A 11th"]
[Site "Caleta"]
[Date "2013.01.23"]
[Round "3"]
[White "Urbina Perez, Juan Antonio"]
[Black "Wallgren, Ulf"]
[Result "1-0"]
[WhiteElo "2218"]
[BlackElo "2097"]
[PlyCount "84"]
[EventDate "2013.01.21"]
[EventType "swiss"]
[EventRounds "5"]
[EventCountry "GGB"]
[SourceTitle "EXT 2014"]
[Source "ChessBase"]
[SourceDate "2013.11.20"]
[SourceVersion "1"]
[SourceVersionDate "2013.11.20"]
[SourceQuality "1"]

1. e4 e5 2. Nf3 Nc6 3. Bb5 a6 4. Ba4 Nf6 5. Qe2 b5 6. Bb3 Bc5 7. d3 d6 8. c3 0-0 9. Bg5 h6 10. Bh4 Qe7 11. Bd5 Bd7 12. Nbd2 Rab8 13. Nf1 Nd8 14. Ng3 g5 15. Nxg5 Nxd5 16. Nf3 Qe8 17. exd5 f5 18. d4 exd4 19. Nxd4 Bxd4 20. cxd4 Qxe2+ 21. Nxe2 Re8 22. Bxd8 Rbxd8 23. Kd2 c6 24. dxc6 Bxc6 25. f3 Re7 26. Nf4 Kf7 27. Rhe1 Rde8 28. Rxe7+ Rxe7 29. Rc1 Bb7 30. Re1 Rxe1 31. Kxe1 a5 32. Kd2 Kf6 33. Ke3 Ba8 34. Ne2 h5 35. h4 Bd5 36. a3 Bc4 37. Ng3 Kg6 38. Kf4 Be6 39. d5 Bc8 40. Ke3 Bb7 41. Ne2 Ba8 42. Nf4+ Kf6 1-0

[Event "Berlin Werner Ott op"]
[Site "Berlin"]
[Date "2012.07.14"]
[Round "8"]
[White "Boettcher, Patrick"]
[Black "Wallgren, Ulf"]
[Result "1/2-1/2"]
[WhiteElo "2183"]
[BlackElo "2086"]
[PlyCount "55"]
[EventDate "2012.07.07"]
[EventType "swiss"]
[EventRounds "9"]
[EventCountry "GER"]
[SourceTitle "CBM 149 Extra"]
[Source "ChessBase"]
[SourceDate "2012.08.24"]
[SourceVersion "1"]
[SourceVersionDate "2012.08.24"]
[SourceQuality "1"]

1. d4 Nf6 2. c4 e5 3. dxe5 Ng4 4. Bf4 Nc6 5. Nf3 Bb4+ 6. Nbd2 Qe7 7. e3 Ngxe5 8. Nxe5 Nxe5 9. Be2 0-0 10. 0-0 Ng6 11. Bg3 Bd6 12. Bxd6 Qxd6 13. Qc2 Qe7 14. Rac1 d6 15. c5 dxc5 16. Qxc5 Qxc5 17. Rxc5 c6 18. a4 Rd8 19. Nb3 Be6 20. Nd4 Rd5 21. Nxe6 fxe6 22. Rfc1 Rad8 23. R5c2 Ne5 24. g3 Nd3 25. Rd1 Nf4 26. exf4 Rxd1+ 27. Bxd1 Rxd1+ 28. Kg2 1/2-1/2

[Event "Rheinland Pfalz op 4th"]
[Site "Altenkirchen"]
[Date "2012.06.09"]
[Round "6"]
[White "Wallgren, Ulf"]
[Black "Kermer, Ulrich"]
[Result "0-1"]
[WhiteElo "2092"]
[BlackElo "1887"]
[PlyCount "170"]
[EventDate "2012.06.07"]
[EventType "swiss"]
[EventRounds "7"]
[EventCountry "GER"]
[SourceTitle "CBM 148 Extra"]
[Source "ChessBase"]
[SourceDate "2012.06.22"]
[SourceVersion "1"]
[SourceVersionDate "2012.06.22"]
[SourceQuality "1"]

1. e4 c6 2. d4 d5 3. Nc3 dxe4 4. Nxe4 Bf5 5. Ng3 Bg6 6. h4 h6 7. Nf3 Nd7 8. h5 Bh7 9. Bd3 Bxd3 10. Qxd3 Ngf6 11. Bd2 Qc7 12. c4 e6 13. 0-0-0 0-0-0 14. Ne4 Nc5 15. Nxc5 Bxc5 16. b4 Bd6 17. Rh4 Rhe8 18. c5 Be7 19. Bf4 Qd7 20. Ne5 Qd5 21. Nxf7 Nxh5 22. Rxh5 Qxh5 23. Nxd8 Bxd8 24. Qe4 Qd5 25. Qxd5 exd5 26. Be5 g6 27. Kd2 Kd7 28. a4 a6 29. g4 Re7 30. f4 h5 31. f5 gxf5 32. gxh5 Rh7 33. Rg1 Ke6 34. Rg6+ Kf7 35. Rd6 Be7 36. Rd7 Ke6 37. Rc7 Bg5+ 38. Ke2 Rxc7 39. Bxc7 f4 40. Kf3 Kf5 41. Be5 Bh6 42. Bh8 Kg5 43. Be5 Kxh5 44. Bxf4 Bg7 45. Be3 Kh4 46. Bf2+ Kg5 47. Ke3 Kg4 48. Be1 Bh6+ 49. Kd3 Kf3 50. Bh4 Bf4 51. Be1 Bc1 52. Bh4 Kg2 53. Be1 Kf1 54. Bc3 Bh6 55. b5 axb5 56. axb5 cxb5 57. Ba5 Bg7 58. Bd2 Bf6 59. Ba5 Bh4 60. Bc7 b4 61. Bf4 b3 62. Kc3 Ke2 63. Kxb3 Kd3 64. Kb4 Kxd4 65. Kb5 Bd8 66. c6 bxc6+ 67. Kxc6 Ke4 68. Be3 Bf6 69. Kd6 Bd4 70. Bd2 Be5+ 71. Kc5 d4 72. Kc4 d3 73. Bh6 Bd4 74. Bd2 Bb6 75. Be1 Ke3 76. Bh4 Ke2 77. Be1 Be3 78. Ba5 Bf2 79. Bb4 Be3 80. Ba5 Bd2 81. Bd8 Be1 82. Bg5 Bh4 83. Bf4 Bg3 84. Bg5 Bf2 85. Bc1 Be3 0-1

[Event "Rheinland Pfalz op 4th"]
[Site "Altenkirchen"]
[Date "2012.06.08"]
[Round "4"]
[White "Wallgren, Ulf"]
[Black "Raabe, Stefan"]
[Result "1/2-1/2"]
[WhiteElo "2092"]
[BlackElo "1775"]
[PlyCount "97"]
[EventDate "2012.06.07"]
[EventType "swiss"]
[EventRounds "7"]
[EventCountry "GER"]
[SourceTitle "CBM 148 Extra"]
[Source "ChessBase"]
[SourceDate "2012.06.22"]
[SourceVersion "1"]
[SourceVersionDate "2012.06.22"]
[SourceQuality "1"]

1. e4 d6 2. d4 f5 3. Nc3 Nf6 4. Bg5 Nxe4 5. Nxe4 fxe4 6. f3 Bf5 7. fxe4 Bxe4 8. Nf3 Qd7 9. Bd3 Bxd3 10. Qxd3 Na6 11. 0-0 0-0-0 12. Rae1 Re8 13. d5 g6 14. Qd4 Rg8 15. Qxa7 Qb5 16. Qd4 h6 17. c4 Qd7 18. Be3 b6 19. Qd2 g5 20. Nd4 Bg7 21. Ne6 Be5 22. Bd4 Bxd4+ 23. Qxd4 Nc5 24. Rf7 Nxe6 25. Rxe6 Rgf8 26. Qf2 Rxf7 27. Qxf7 Kd8 28. b3 b5 29. Qf1 bxc4 30. Qxc4 Rf8 31. g3 Qe8 32. Re1 Qg6 33. Rc1 Ke8 34. Qxc7 Qd3 35. Qc8+ Kf7 36. Qe6+ Kg7 37. Re1 Rf7 38. Qe3 Qxd5 39. Rf1 Rxf1+ 40. Kxf1 Qh1+ 41. Qg1 Qf3+ 42. Qf2 Qh1+ 43. Ke2 Qe4+ 44. Kd2 Qd5+ 45. Kc2 Qe4+ 46. Kc3 Qc6+ 47. Kb2 e5 48. a4 d5 49. a5 1/2-1/2

[Event "Rhein Main op-A 14th"]
[Site "Bad Homburg"]
[Date "2011.06.25"]
[Round "5"]
[White "Gilles, Jean Claude"]
[Black "Wallgren, Ulf"]
[Result "1/2-1/2"]
[WhiteElo "1975"]
[BlackElo "2112"]
[PlyCount "94"]
[EventDate "2011.06.22"]
[EventType "swiss"]
[EventRounds "7"]
[EventCountry "GER"]
[SourceTitle "EXT 2012"]
[Source "ChessBase"]
[SourceDate "2011.11.24"]
[SourceVersion "1"]
[SourceVersionDate "2011.11.24"]
[SourceQuality "1"]

1. d4 e6 2. c4 f5 3. g3 Nf6 4. Bg2 Be7 5. Nf3 0-0 6. 0-0 d6 7. b3 Ne4 8. Bb2 Bf6 9. Nbd2 Nc6 10. Qc2 Nb4 11. Qb1 d5 12. a3 Nc6 13. e3 Nxd2 14. Nxd2 Ne7 15. cxd5 exd5 16. Qc2 g5 17. Nf3 Be6 18. Ne5 Bxe5 19. dxe5 f4 20. exf4 gxf4 21. gxf4 Ng6 22. Rae1 Nxf4 23. Re3 Kh8 24. Rg3 Rg8 25. Bc1 Nxg2 26. Kxg2 Qh4 27. Kg1 c6 28. Qd3 Raf8 29. Qe3 d4 30. Qh6 Rxg3+ 31. hxg3 Qxh6 32. Bxh6 Rf3 33. Rd1 c5 34. b4 b6 35. bxc5 bxc5 36. Rb1 Rb3 37. Rxb3 Bxb3 38. Bf8 c4 39. Bc5 d3 40. Bb4 Kg7 41. Bc3 Kg6 42. f3 h5 43. Kf2 Kf5 44. Ke3 Bd1 45. g4+ hxg4 46. fxg4+ Bxg4 47. Kd4 Ke6 1/2-1/2

[Event "SWE-chC op"]
[Site "Lund"]
[Date "2010.07.07"]
[Round "5"]
[White "Wallgren, Ulf"]
[Black "Janse, Love"]
[Result "1/2-1/2"]
[WhiteElo "2063"]
[BlackElo "2137"]
[PlyCount "105"]
[EventDate "2010.07.03"]
[EventType "swiss"]
[EventRounds "9"]
[EventCountry "SWE"]
[SourceTitle "CBM 137 Extra"]
[Source "ChessBase"]
[SourceDate "2010.09.01"]
[SourceVersion "1"]
[SourceVersionDate "2010.09.01"]
[SourceQuality "1"]

1. e4 e6 2. d4 d5 3. e5 c5 4. c3 Nc6 5. Nf3 Bd7 6. a3 f6 7. exf6 Nxf6 8. Bb5 Bd6 9. 0-0 0-0 10. b4 Nxd4 11. Nxd4 cxd4 12. Bxd7 Qxd7 13. cxd4 e5 14. dxe5 Bxe5 15. Ra2 d4 16. Re2 Rae8 17. Qd3 Nd5 18. Rfe1 Qf7 19. g3 Nf6 20. f4 Bc7 21. Nd2 Nd5 22. Rxe8 Rxe8 23. Rxe8+ Qxe8 24. Qe4 Qxe4 25. Nxe4 Kf7 26. Kf2 Nf6 27. Ng5+ Ke7 28. Ke2 Bb6 29. Kd3 Ng4 30. Bb2 Nxh2 31. Bxd4 Bxd4 32. Kxd4 h5 33. Ne4 Nf1 34. Ke5 Ne3 35. Nd2 g6 36. a4 a6 37. Ne4 b6 38. a5 bxa5 39. bxa5 Nc4+ 40. Kd5 Nxa5 41. Nc5 Kf6 42. Ke4 Nc4 43. Nxa6 Nd2+ 44. Ke3 Kf5 45. Kxd2 Kg4 46. Ke3 Kxg3 47. Nc5 h4 48. Ne4+ Kg2 49. Ke2 h3 50. Nf2 h2 51. Nh1 Kxh1 52. Kf2 g5 53. fxg5 1/2-1/2

[Event "SWE-chC op"]
[Site "Lund"]
[Date "2010.07.06"]
[Round "4"]
[White "Von Bahr, Oskar"]
[Black "Wallgren, Ulf"]
[Result "1-0"]
[WhiteElo "2303"]
[BlackElo "2063"]
[PlyCount "45"]
[EventDate "2010.07.03"]
[EventType "swiss"]
[EventRounds "9"]
[EventCountry "SWE"]
[SourceTitle "CBM 137 Extra"]
[Source "ChessBase"]
[SourceDate "2010.09.01"]
[SourceVersion "1"]
[SourceVersionDate "2010.09.01"]
[SourceQuality "1"]

1. e4 d5 2. exd5 Qxd5 3. Nc3 Qd6 4. d4 Nf6 5. Nf3 a6 6. g3 b5 7. Bg2 Bb7 8. 0-0 e6 9. Bf4 Qb6 10. a4 Bd6 11. Be3 Nd5 12. Qd3 b4 13. a5 Qa7 14. Nxd5 Bxd5 15. c4 bxc3 16. bxc3 Qb7 17. Bd2 Nd7 18. c4 Be4 19. Qe2 0-0 20. Rfe1 Bc6 21. Rab1 Qa7 22. Qd3 Rab8 23. Ng5 1-0

[Event "Warsaw Najdorf Memorial op-A"]
[Site "Warsaw"]
[Date "2009.07.26"]
[Round "9"]
[White "Wallgren, Ulf"]
[Black "Parczewski, Janusz"]
[Result "1-0"]
[WhiteElo "2100"]
[BlackElo "2023"]
[PlyCount "69"]
[EventDate "2009.07.18"]
[EventType "swiss"]
[EventRounds "9"]
[EventCountry "POL"]
[SourceTitle "CBM 131 Extra"]
[Source "ChessBase"]
[SourceDate "2009.09.03"]
[SourceVersion "2"]
[SourceVersionDate "2009.09.16"]
[SourceQuality "1"]

1. f4 d5 2. Nf3 Nf6 3. e3 Bg4 4. Be2 e6 5. 0-0 Bd6 6. b3 0-0 7. Bb2 c5 8. Ne5 Bxe2 9. Qxe2 Nc6 10. d4 Rc8 11. c3 Qc7 12. Nd2 Ne7 13. Rac1 Qa5 14. a3 Qb6 15. b4 cxd4 16. exd4 a5 17. Nb3 axb4 18. cxb4 Bxe5 19. fxe5 Ne4 20. Nc5 Nxc5 21. dxc5 Qa7 22. Qf2 Qa6 23. Rc3 Nc6 24. Rg3 Ne7 25. Rf3 Nf5 26. g4 Nh6 27. Bc1 Nxg4 28. Qg3 Nxe5 29. Qxe5 f6 30. Qd4 Qc6 31. Qg4 Kh8 32. Bb2 Qe8 33. Rxf6 Rxf6 34. Rxf6 h5 35. Rh6+ 1-0